[Event "Wch Seniors 50 28th"]
[Site "Bled"]
[Date "2018.11.23"]
[Round "6"]
[White "Belmont Hernandez, Andres"]
[Black "Zillner, Wilhelm"]
[Result "1-0"]
[WhiteElo "2080"]
[BlackElo "1902"]
[PlyCount "41"]
[EventDate "2018.11.18"]
[EventType "swiss"]
[EventRounds "11"]
[EventCountry "SLO"]
[SourceTitle "CBM 187 Extra"]
[Source "ChessBase"]
[SourceDate "2018.11.04"]
[SourceVersion "1"]
[SourceVersionDate "2018.11.04"]
[SourceQuality "1"]

1. e4 c5 2. Nf3 Nc6 3. Bb5 d6 4. 0-0 Bd7 5. Re1 e5 6. c3 Qb6 7. a4 Nf6 8. Na3 a6 9. Bf1 Be7 10. Nc4 Qc7 11. h3 0-0 12. a5 Rad8 13. d4 cxd4 14. cxd4 Nxe4 15. d5 Nxf2 16. Kxf2 Nb4 17. Be3 Nxd5 18. Qxd5 Be6 19. Qd3 Rc8 20. Nb6 d5 21. Rec1 1-0